LIBRARY & INFORMATION CENTRE, KCAET, TAVANUR

ONLINE PUBLIC ACCESS CATALOGUE (OPAC)

Handbook of Indian pumps for irrigation-salient features and performances / (Record no. 7088)

MARC details
000 -LEADER
fixed length control field 00538cam a2200193ua 4500
041 ## - LANGUAGE CODE
Language code of text/sound track or separate title eng
082 ## - DEWEY DECIMAL CLASSIFICATION NUMBER
Classification number 028.71621
Item number TAN/HA
100 ## - MAIN ENTRY--AUTHOR NAME
Personal name Taneja, D S .
245 ## - TITLE STATEMENT
Title Handbook of Indian pumps for irrigation-salient features and performances /
250 ## - EDITION STATEMENT
Edition statement 1 /
260 ## - PUBLICATION, DISTRIBUTION, ETC. (IMPRINT)
Place of publication Newdelhi :
Name of publisher Indian society of agricultural engineers ,
Year of publication 1988.
300 ## - PHYSICAL DESCRIPTION
Number of Pages 287 ; .
700 1# - ADDED ENTRY--PERSONAL NAME
Personal name Sondhi, S K .
942 ## - ADDED ENTRY ELEMENTS (KOHA)
Koha item type Books
Holdings
Withdrawn status Lost status Damaged status Home library Current library Date acquired Full call number Accession Number Koha item type
      KAUAET KAUAET 02/03/1989 028.71621 16501 Books
free website counter